| 000 | 00455nam a2200181Ia 4500 | ||
|---|---|---|---|
| 008 | 240702s2020 xx 000 0 und d | ||
| 041 | _aeng | ||
| 082 |
_a537/HAY _bG-40776 |
||
| 100 | _aHAYT W | ||
| 245 | _aENGINEERING ELECTROMAGNETICS 9 TH ED | ||
| 250 | _a9TH | ||
| 260 |
_bMC GRAW-HILL BOOK COMPANY _c2020 |
||
| 300 | _a728p | ||
| 365 |
_aRs. _b799 _d799 |
||
| 650 | _aENGINEERING ELECTROMAGNETICS 9 TH ED | ||
| 700 | _aHAYT W | ||
| 942 | _cBK | ||
| 999 |
_c1170228 _d1170228 |
||